Rządzący Gdynią 1918-2025 - Statystyki

Ogólne statystyki
  • Ten quiz został rozwiązany 15 razy
  • Średni wynik to 4 z 25
Statystyki odpowiedzi
Lata spr. urzędu Imię i nazwisko % Poprawnych
1998-2024 Wojciech Szczurek
90%
1990-1998 Franciszka Cegielska
80%
2024- Aleksandra Kosiorek
70%
1918-1926 Jan Radtke
50%
1926-1928 Augustyn Krauze
30%
1933-1939 Franciszek Sokół
20%
1945-1950 Henryk Zakrzewski
20%
1990 Zbigniew Koriat
20%
1973-1979 Aleksy Latra
10%
1931 Bronisław Biały
10%
1952-1954 Jan Depak
10%
1969-1973 Jan Mariański
10%
1932-1933 Seweryn Czerwiński
10%
1985-1990 Zbigniew Biernat
10%
1952 Alfred Miller
0%
1945 Anatol Zbaraski
0%
1950-1952 Antoni Kozłowski
0%
1928-1929 Hilary Ewert-Krzemieniewski
0%
1939-1945 Horst Schlichting
0%
1979-1985 Jan Krzeczkowski
0%
1954-1959 Konstanty Rek
0%
1929-1931 Mieczysław Bilek
0%
1959-1968 Mieczysław Wójcik
0%
1968-1969 Teodor Czapczyk
0%
1931-1932 Zygmunt Zabierzowski
0%
Nie znaleziono quizów pasujących do podanych kryteriów
Rozkład punktacji
Procent ludzi z każdym wynikiem
Percentyl według liczby udzielonych odpowiedzi
Twoja historia wyników
Nie rozwiązałeś tego quizu